| 000 | 00582 a2200229 4500 | ||
|---|---|---|---|
| 001 | 200042488 | ||
| 999 |
_c200042488 _d25203 |
||
| 003 | TR-AnTOB | ||
| 005 | 20190322123005.0 | ||
| 008 | 160507b 9999tu fr0p 0 0 | ||
| 022 | _a1302-2415 | ||
| 040 | _aTR-AnTOB | ||
| 041 | _atur | ||
| 050 | 0 | 0 |
_aN6480 _b.T9 |
| 099 | _aJOURNAL - ISIT | ||
| 130 | _aTTMD | ||
| 245 | 0 | _aIsıtma, soğutma, havalandırma, klima, yangın ve sıhhi tesisat dergisi | |
| 260 |
_aAnkara: _bTürk Tesisat Mühendisleri Derneği, _c2000- |
||
| 300 |
_ac.: _bres.; _c28 sm. |
||
| 310 | _aİki ayda bir. | ||
| 942 | _cCR | ||